Vplyv starnutia obyvateľstva na štruktúru spotreby diplomová práca

Saved in:
Bibliographic Details
Main Author: Kovašich, Milan
Corporate Author: Národohospodárska fakulta EU. Katedra financií
Other Authors: Ochotnický, Pavol
Format: Book
Language:Slovak
Published: Bratislava 2011
Tags: Add Tag
No Tags, Be the first to tag this record!

MARC

LEADER 00000nbm a2200000 4500
001 0130956
005 20161109101634.1
041 0 |a slo 
044 |a SK 
245 1 0 |a Vplyv starnutia obyvateľstva na štruktúru spotreby  |b diplomová práca  |c Milan Kovašich ; školiteľ: Pavol Ochotnický 
264 1 |a Bratislava  |c 2011 
300 |a 69 s. 
100 1 |a Kovašich, Milan 
700 1 |a Ochotnický, Pavol 
710 2 |a Národohospodárska fakulta EU. Katedra financií